Learning By Heart (Record no. 25130)

MARC details
000 -LEADER
fixed length control field 00709nam a22002297a 4500
003 - CONTROL NUMBER IDENTIFIER
control field OSt
005 - DATE AND TIME OF LATEST TRANSACTION
control field 20260624120441.0
008 - FIXED-LENGTH DATA ELEMENTS--GENERAL INFORMATION
fixed length control field 260624b |||||||| |||| 00| 0 eng d
020 ## - INTERNATIONAL STANDARD BOOK NUMBER
International Standard Book Number 0787955434
040 ## - CATALOGING SOURCE
Transcribing agency Chuka university Library
050 ## - LIBRARY OF CONGRESS CALL NUMBER
Classification number LA 217.2 .B2 2001
100 ## - MAIN ENTRY--PERSONAL NAME
Personal name Barth S. Roland
9 (RLIN) 31011
245 ## - TITLE STATEMENT
Title Learning By Heart
260 ## - PUBLICATION, DISTRIBUTION, ETC.
Place of publication, distribution, etc. San Francisco
Name of publisher, distributor, etc. Jossey-Bass
Date of publication, distribution, etc. 2001
300 ## - PHYSICAL DESCRIPTION
Extent Various Pagings
650 ## - SUBJECT ADDED ENTRY--TOPICAL TERM
Topical term or geographic name entry element Education Aims and objectives United States
9 (RLIN) 30572
650 ## - SUBJECT ADDED ENTRY--TOPICAL TERM
Topical term or geographic name entry element Educational change United states
9 (RLIN) 28252
650 ## - SUBJECT ADDED ENTRY--TOPICAL TERM
Topical term or geographic name entry element Effective Teaching United States
9 (RLIN) 27675
650 ## - SUBJECT ADDED ENTRY--TOPICAL TERM
Topical term or geographic name entry element Group Work in Education United States
9 (RLIN) 28944
650 ## - SUBJECT ADDED ENTRY--TOPICAL TERM
Topical term or geographic name entry element Learning
9 (RLIN) 11399
942 ## - ADDED ENTRY ELEMENTS (KOHA)
Source of classification or shelving scheme Library of Congress Classification
Koha item type Long Loan Books
Suppress in OPAC No
Holdings
Withdrawn status Lost status Source of classification or shelving scheme Damaged status Not for loan Collection Home library Current library Shelving location Date acquired Source of acquisition Cost, normal purchase price Total Checkouts Full call number Barcode Date last seen Cost, replacement price Price effective from Koha item type
    Library of Congress Classification     General Collection Books Main Campus Library Main Campus Library General Stacks 24/06/2026 Donations From Books For Africa 1324.41   LA 217.2 .B2 2001 35920/2026 24/06/2026 1324.41 24/06/2026 Long Loan Books

Powered by Koha